000 01083nam a22002297a 4500
999 _c11945
_d11945
003 AR-CdUCM
008 190405b ||||| |||| 00| 0 spa d
040 _aMUNICIPALIDAD PROVINCIAL DEL CUSCO
_cBIBLIOTECA MUNICIPAL DEL CUSCO
082 _a327.85 /
_bP471 / 1953
110 _aDirección General de Informaciones del Perú.
_929570
245 _aPerú y Brasil al servicio de América :
_bVisita del presidente Odría a los Estados Unidos del Brasil, 25 de agosto - 1º setiembre de 1953 /
260 _aLima :
_bDirección General de Informaciones del Perú,
_c1953.
300 _a259 páginas ;
_bLaminas, ilustraciones, retratos,
_c22 cm.
505 _aContenido: Itinerario de la visita de Odria al Brasil -- Lima recibe a Odria, a su regreso del Brasil, en gran mitin popular -- La palabra de Odria en Brasil ...
650 _aPerú
_935
650 _aRelaciones exteriores
_94428
650 _aPresidente (1948-1956 : Odría)
_929571
650 _aBrasil
_91261
650 _aPerú y Brasil Relaciones exteriores
_929572
942 _2ddc
_cLIBROS
945 _acmm
_d2019-04-05